|
|
|
|
| LEADER |
00000cam a22000004a 4500 |
| 001 |
musev2_11286 |
| 003 |
MdBmJHUP |
| 005 |
20230905041253.0 |
| 006 |
m o d |
| 007 |
cr||||||||nn|n |
| 008 |
090109s2009 wau o 00 0 eng d |
| 010 |
|
|
|z 2008055942
|
| 020 |
|
|
|a 9780295800479
|
| 020 |
|
|
|z 9780295988917
|
| 035 |
|
|
|a (OCoLC)704275011
|
| 040 |
|
|
|a MdBmJHUP
|c MdBmJHUP
|
| 050 |
0 |
4 |
|a PQ1643
|b .M5664 2009
|
| 082 |
0 |
|
|a 844/.3
|2 22
|
| 245 |
0 |
0 |
|a Montaigne after Theory, Theory after Montaigne /
|c edited by Zahi Zalloua.
|
| 264 |
|
1 |
|a Walla Walla, Wash. :
|b In association with Whitman College,
|c 2009.
|
| 264 |
|
3 |
|a Baltimore, Md. :
|b Project MUSE,
|c 2012
|
| 264 |
|
4 |
|c ©2009.
|
| 300 |
|
|
|a 1 online resource (320 pages).
|
| 336 |
|
|
|a text
|b txt
|2 rdacontent
|
| 337 |
|
|
|a computer
|b c
|2 rdamedia
|
| 338 |
|
|
|a online resource
|b cr
|2 rdacarrier
|
| 504 |
|
|
|a Includes bibliographical references and index.
|
| 505 |
0 |
|
|a From amateur gentleman to gentleman amateur / George Hoffmann -- Theory and practice in "Du pedantisme" / Eric MacPhail -- Fashion / John O'Brien -- Duty, conciliation, and ontology in the Essais / Jacob Vance -- Montaigne parrhesiastes: Foucault's fearless speech and truth-telling in the Essays / Reinier Leushuis -- "Qu'est-ce que la critique?": La Boetie, Montaigne, Foucault / Marc Schachter -- Confession or parrhesia? Foucault after Montaigne / Virginia Krause -- Nasty, brutish, and long: the life of Montaigne's Essais in Hobbes's theory of contract / David L. Sedley -- Cannibalizing experience in the Essais / Andrea Frisch -- Rereading Montaigne's memorable stories: sexuality and gender in Vitry-le-François / Edith J. Benkov -- Theorizing sex and gender in Montaigne / Todd W. Reeser -- For a theory of forms in Montaigne / Philippe Desan -- Fadaises & dictons / Tom Conley -- "Mettre la theorique avant la practique": Montaigne and the practice of theory / Richard L. Regosin.
|
| 588 |
|
|
|a Description based on print version record.
|
| 600 |
1 |
0 |
|a Montaigne, Michel de,
|d 1533-1592.
|t Essais.
|
| 600 |
1 |
0 |
|a Montaigne, Michel de,
|d 1533-1592
|x Criticism and interpretation.
|
| 650 |
|
0 |
|a Literature
|x History and criticism
|x Theory, etc.
|
| 655 |
|
7 |
|a Electronic books.
|2 local
|
| 700 |
1 |
|
|a Zalloua, Zahi Anbra,
|d 1971-
|
| 710 |
2 |
|
|a Project Muse.
|e distributor
|
| 830 |
|
0 |
|a Book collections on Project MUSE.
|
| 856 |
4 |
0 |
|z Texto completo
|u https://projectmuse.uam.elogim.com/book/11286/
|
| 945 |
|
|
|a Project MUSE - Custom Collection
|
| 945 |
|
|
|a Project MUSE - Archive Complete Foundation
|
| 945 |
|
|
|a Project MUSE - Archive Literature Foundation
|